LEADER 01142nam--2200385---450- 001 990002830060203316 005 20111202113632.0 010 $a88-171-2600-4 035 $a000283006 035 $aUSA01000283006 035 $a(ALEPH)000283006USA01 035 $a000283006 100 $a20061030d2001----km-y0itay50------ba 101 0 $aita 102 $aIT 105 $a||||||||001yy 200 1 $aNapoli ai tempi di Masaniello$fNino Leone 210 $aMilano$cBiblioteca universale Rizzoli$d2001 215 $a325 p.$c[14] p. di tav.$d23 cm 225 2 $aBUR vite quotidiane 410 0$12001$aBUR vite quotidiane 606 0 $aVita sociale$yNapoli$zSec. 17. 676 $a945.731072 700 1$aLEONE,$bNino$0139588 801 0$aIT$bsalbc$gISBD 912 $a990002830060203316 951 $a945.731072 LEO$bDLAS 951 $aX.2.B. 2102$b233293 L.M.$cX.2.B.$d00268963 959 $aBK 969 $aDLAS 979 $aDLAS$b10$c20061030$lUSA01$h0751 979 $aPASSARO$b90$c20111202$lUSA01$h1134 979 $aPASSARO$b90$c20111202$lUSA01$h1136 996 $aNapoli ai tempi di Masaniello$9993547 997 $aUNISA LEADER 01739nam0 2200373 i 450 001 VAN0125521 005 20220310122845.722 017 70$2N$a9789811083273 100 $a20191118d2018 |0itac50 ba 101 $aeng 102 $aSG 105 $a|||| ||||| 200 1 $aFire Retardancy Behavior of Polymer/Clay Nanocomposites$fIndraneel Suhas Zope 210 $aSingapore$cSpringer$d2018 215 $aXXXII, 165 p.$cill.$d24 cm 410 1$1001VAN0104193$12001 $aSpringer theses$erecognizing outstanding Ph.D. research$1210 $aBerlin$cSpringer$d2010- 620 $aSG$dSingapore$3VANL000061 676 $a620.11$cMateriali dell'ingegneria$v22 676 $a620.192$cPolimeri$v22 676 $a620.1$cScienze dei materiali$v22 676 $a620.14$cCeramica e materiali affini$v22 700 1$aZope$bIndraneel S.$3VANV096948$0782648 712 $aSpringer $3VANV108073$4650 790 1$aZope, Indraneel Suhas$zZope, Indraneel S.$3VANV100161 790 1$aZope, I. S.$zZope, Indraneel S.$3VANV103740 790 1$aZope, I.S.$zZope, Indraneel S.$3VANV214045 801 $aIT$bSOL$c20240614$gRICA 856 4 $uhttps://link.springer.com/book/10.1007/978-981-10-8327-3$zE-book - Accesso al full-text attraverso riconoscimento IP di Ateneo, proxy e/o Shibboleth 899 $aBIBLIOTECA DEL DIPARTIMENTO DI SCIENZE E TECNOLOGIE AMBIENTALI BIOLOGICHE E FARMACEUTICHE$1IT-CE0101$2VAN17 912 $fN 912 $aVAN0125521 950 $aBIBLIOTECA DEL DIPARTIMENTO DI SCIENZE E TECNOLOGIE AMBIENTALI BIOLOGICHE E FARMACEUTICHE$d17CONS e-book 2112 $e17BIB2112/192 192 20191118 996 $aFire Retardancy Behavior of Polymer$91737596 997 $aUNICAMPANIA